Detalles MARC
| 000 -LEADER |
| fixed length control field |
01831 am a2200445 a 4500 |
| 005 - FECHA ULTIMA MODIFICACION |
| control field |
20240517115616.0 |
| 008 - CAMPO DE CONTROL (LIBRO) |
| fixed length control field |
100504s1999||||ag ||||f |||| 000 0 spa d |
| 020 ## - INTERNATIONAL STANDARD BOOK NUMBER |
| ISBN |
9874304847 |
| 041 ## - CODIGO DE IDIOMA |
| Código de idioma del texto/pista de sonido o título separado |
spa |
| 092 ## - SIGNATURA TOPOGRAFICA DEWEY LOCAL |
| número de clasificación |
616.079 |
| libristica |
24 |
| sección |
FAI |
| 100 1# - ENTRADA PRINCIPAL--NOMBRE PERSONAL |
| Nombre personal |
Fainboim, Leonardo. |
| 9 (RLIN) |
249 |
| 245 ## - TITULO PROPIAMENTE DICHO |
| Título |
Introducción a la Inmunología Humana / |
| Mención de responsabilidad y remanente de la transcripción de la portada |
Leonardo Fainboim |
| 250 ## - MENCION DE EDICION |
| Mención de edición |
4a ed. |
| 260 ## - PIE DE IMPRENTA |
| Lugar de publicación, distribución, etc |
Buenos Aires: |
| Nombre de la editorial, distribuidor, etc |
Edición del autor; |
| Fecha de publicación |
1999. |
| 300 ## - DESCRIPCION FISICA |
| Extension |
387 p. |
| 500 ## - NOTA GENERAL |
| Nota general |
Fainboim, L., Satz, M. L. y Geffner, J. (1999). Introducción a la Inmunología Humana. (4a ed.). Buenos Aires : Edición del autor. |
| 590 ## - NOTAS LOCALES (RLIN) |
| Nota local |
Donación Cecilia Fontana, 2007 |
| 653 ## - TÉRMINO INDIZADO - PALABRAS CLAVES |
| Palabra clave |
Inmunología humana |
| 653 ## - TÉRMINO INDIZADO - PALABRAS CLAVES |
| Palabra clave |
Conceptos generales de inmunidad |
| 653 ## - TÉRMINO INDIZADO - PALABRAS CLAVES |
| Palabra clave |
Anticuerpos: estructura y función |
| 653 ## - TÉRMINO INDIZADO - PALABRAS CLAVES |
| Palabra clave |
Generación de diversidad en lso anticuerpos |
| 653 ## - TÉRMINO INDIZADO - PALABRAS CLAVES |
| Palabra clave |
Estructura y función del complejo mayor de histocompatibilidad |
| 653 ## - TÉRMINO INDIZADO - PALABRAS CLAVES |
| Palabra clave |
Procesamiento y presentación antigénica a los linfocitos T |
| 653 ## - TÉRMINO INDIZADO - PALABRAS CLAVES |
| Palabra clave |
Receptor para el antígeno en el linfocito T |
| 653 ## - TÉRMINO INDIZADO - PALABRAS CLAVES |
| Palabra clave |
Ontogenia linfocitaria |
| 653 ## - TÉRMINO INDIZADO - PALABRAS CLAVES |
| Palabra clave |
Tráfico leucocitario |
| 653 ## - TÉRMINO INDIZADO - PALABRAS CLAVES |
| Palabra clave |
Activación de los linfocitos T y B |
| 653 ## - TÉRMINO INDIZADO - PALABRAS CLAVES |
| Palabra clave |
Mecanismos efectores de la respuesta inmune propios a la inmunidad innata |
| 653 ## - TÉRMINO INDIZADO - PALABRAS CLAVES |
| Palabra clave |
Mecanismos efectores de la respuesta inmune: inmunidad adaptativa mediada por linfocitos T |
| 653 ## - TÉRMINO INDIZADO - PALABRAS CLAVES |
| Palabra clave |
Mecanismos efectores de la respuesta inmune. Inmunidad adaptativa mediada por linfocitos B: la respuesta inmune humoral |
| 653 ## - TÉRMINO INDIZADO - PALABRAS CLAVES |
| Palabra clave |
Respuesta inmune frente a agentes infecciosos |
| 653 ## - TÉRMINO INDIZADO - PALABRAS CLAVES |
| Palabra clave |
Hipersensibilidad |
| 653 ## - TÉRMINO INDIZADO - PALABRAS CLAVES |
| Palabra clave |
Autoinmunidad y tolerancia |
| 653 ## - TÉRMINO INDIZADO - PALABRAS CLAVES |
| Palabra clave |
Inmunodeficiencias |
| 700 1# - ENTRADAS SECUNDARIAS - NOMBRE PERSONAL |
| Nombre personal |
Satz, M. Leonardo. |
| 9 (RLIN) |
250 |
| 700 1# - ENTRADAS SECUNDARIAS - NOMBRE PERSONAL |
| Nombre personal |
Geffner, Jorge. |
| 9 (RLIN) |
251 |
| 930 ## - NUMERO DE INVENTARIO |
| Número de inventario |
1821 |
| 930 ## - NUMERO DE INVENTARIO |
| Número de inventario |
1665 |
| 942 ## - ADDED ENTRY ELEMENTS (KOHA) |
| Source of classification or shelving scheme |
Dewey Decimal Classification |
| Item type |
Libros |
| Koha issues (borrowed), all copies |
1 |